000 00564nam a22002057a 4500
003 OSt
005 20260402020003.0
008 160830b xxu||||| |||| 00| 0 eng d
020 _a9781455770168
040 _cDMLN
082 _aQT104 H143g 2016
100 _aHall, John E.
_910940
245 _aGuyton and Hall Textbook of Medical Physiology
250 _a13th ed.
260 _aPhiladelphia; Elsevier, 2016
300 _axix,1145p; col.ill: 28.5cm
504 _aBibliography, & index included
650 _aMedical physiology
_9800
942 _2z
_cB_BANK
_04
999 _c5104
_d5104